A history of ford motor company

Gorde:
Xehetasun bibliografikoak
Egile nagusia: Cahill, Marie
Formatua: Liburua
Hizkuntza:Undetermined
Argitaratua: Smithmark 1992
Gaiak:
Etiketak: Etiketa erantsi
Etiketarik gabe, Izan zaitez lehena erregistro honi etiketa jartzen!
Thư viện lưu trữ: Trung tâm Học liệu Trường Đại học Cần Thơ
LEADER 00498nam a2200181Ia 4500
001 CTU_104849
008 210402s9999 xx 000 0 und d
082 |a 338.7 
082 |b C132 
100 |a Cahill, Marie 
245 2 |a A history of ford motor company 
245 0 |c Marie Cahill 
260 |b Smithmark 
260 |c 1992 
650 |a Motor vehicle industry,Automobile industry and trade 
650 |x History 
904 |i M.Loan 
980 |a Trung tâm Học liệu Trường Đại học Cần Thơ